000 00589nam a2200193Ia 4500
003 GCL
008 140319s9999 xx 000 0 ara d
020 _a3426291977
040 _aGCL /
_cGCL
082 0 4 _a813
_bن ب
100 1 _aنجلاء محمود محرم
245 1 0 _aالبئر :
_bرواية /
_cنجلاء محمود محرم
250 _aالثانية
260 _aالقاهرة :
_bايزيس للابداع والثقافة ،
_c2006
300 _a102 ص ؛
_c20 سم
650 0 4 _aالادب العربى
650 0 4 _aالقصص العربية
942 _2ddc
_cBK
999 _c9457
_d9457